Frazier`s food microbiology (Record no. 3905)

MARC details
000 -LEADER
fixed length control field 00402nam a22001577a 4500
008 - FIXED-LENGTH DATA ELEMENTS--GENERAL INFORMATION
fixed length control field 250620b |||||||| |||| 00| 0 eng d
020 ## - INTERNATIONAL STANDARD BOOK NUMBER
ISBN 9789387465
100 ## - MAIN ENTRY--AUTHOR
Author Frazier William c.
245 ## - TITLE STATEMENT
Title Frazier`s food microbiology
250 ## - EDITION STATEMENT
Edition statement 6th
260 ## - PUBLICATION, DISTRIBUTION, ETC. (IMPRINT)
Place of publication New delhi
Name of publisher Medtech science press
Date of publication 2025
300 ## - COLLATION
Pagination xvi, 475p.
Other physical details ill
650 ## - TRACINGS
Main Subject food-microbiology
942 ## - ADDED ENTRY ELEMENTS (KOHA)
Item type Books
050 ## - LIBRARY OF CONGRESS CALL NUMBER
Classification number QR115
Item number .F73
Holdings
Source of classification or shelving scheme Not for loan Permanent location Current location Date acquired Accession No. Full call number Barcode. Koha item type
Library of Congress Classification   Environmental Sciences Library Environmental Sciences Library 06/20/2025 2025/64986 QR115.F73 2025-2592 Books